000
00310nam a22001217a 4500
008
160507b xxu||||| |||| 00| 0 eng d
020
_a
9780030682643
020
_a
0030682649
041
_a
eng
080
_a
573
245
_a
Biology johson raven:
_c
George G. Johnson PH.D;Peter H. Raven PH.D;
942
_2
udc
_c
BK
999
_c
1919
_d
1919